Normal view
MARC view
Entry Personal Name
001 - CONTROL NUMBER
- control field: 2148
003 - CONTROL NUMBER IDENTIFIER
- control field: ARRUPE
005 - DATE AND TIME OF LATEST TRANSACTION
- control field: 20131007142856.0
008 - FIXED-LENGTH DATA ELEMENTS
- fixed length control field: 131007|| aca||aabn | a|a d
040 ## - CATALOGING SOURCE
- Original cataloging agency: ARRUPE
- Transcribing agency: ARRUPE
100 ## - HEADING--PERSONAL NAME
- Personal name: Bell, Aubrey F. G.
- Fuller form of name: (Aubrey Fitz Gerald),
- Dates associated with a name: 1882-1950,
- Relator term: compiler.
670 ## - SOURCE DATA FOUND
- Source citation: Work cat.: (ARRUPE)0: Bell, Aubrey F. G 2146, The Oxford book of Portuguese verse,, 1925.